000
00323nam a22001337a 4500
020
_a
978-93-85175-26-8
082
_a
425
_b
H & C/I
100
_a
H & C PUBLISHING
245
_a
LET US GUIDE IN CURSIVE WRITING
260
_a
TRICHUR
_b
H & C PUBLISHING HOUSE
300
_a
32
650
_a
ENGLISH CURSIVE
_z
KERALA
942
_c
BK
999
_c
2280
_d
2280